00594 2200205 4500001002100000005001500021035002000036007000300056008004100059020001900100082001000119084001600129100000900145245003200154260003600186500012500222650001600347856001700363990000800380INLIS00000000000017520220217084007 a0010-0222000053ta220217 g 0 ind  a97897905101780 a297.5 a297.5 LOS a0 aLoso1 aAkhlak Siswa Terhadap Teman aSemarang :bGhyyas Putra,c2008 aSusunan buku terdiri atas pengertian akhlak, memberi salam, muka manis, salaman, toleransi beribadah, dan akhlak tercela 4aEtika Islam aKoleksi Umum a660